Genius Level General Knowledge - Multiple Choice #4 - Statistics

General Stats
  • This quiz has been taken 50 times
  • The average score is 5 of 10
Answer Stats
Question Answer % Correct
Who did Michael Jackson marry in 1994? Lisa Marie Presley
80%
What U.S. President nearly died while exploring the jungles of Brazil after his Presidency? Theodore Roosevelt
73%
What is the next letter in this sequence: O T T F F S S E? N
61%
Who, as of 2024, is the crown prince of Saudi Arabia? Mohammed bin Salman
59%
What element gets its name from a Greek word meaning "green-yellow"? Chlorine
52%
Which of these people was released from prison in 2024? Julian Assange
52%
What bird lived on Madagascar, was driven to extinction around 1000 AD, and was possibly the largest bird to have ever lived? Elephant bird
50%
Which of these products does Foxconn make? iPhones
36%
Which of these U.S. states does NOT touch the Mississippi River? Kansas
32%
Who was the Queen of England during the events of the TV show "Bridgerton"? Charlotte
23%
No matching quizzes found
Score Distribution
Percent of People with Each Score
Percentile by Number Answered
Your Score History
You have not taken this quiz